Ελάχιστο εγγυημένο εισόδημα στην ΕΕ-15 και δυνατότητες εφαρμογής του στην Ελλάδα
Saved in:
| Main Author: | |
|---|---|
| Corporate Author: | |
| Other Authors: | |
| Format: | Book |
| Language: | Greek |
| Published: |
Αθήνα :
Κέντρο Προγραμματισμού και Οικονομικών Μελετών,
c2007
|
| Series: | Εκθέσεις (Κέντρο Προγραμματισμού και Οικονομικών Ερευνών)
; 50 |
| Subjects: | |
| Tags: |
Add Tag
No Tags, Be the first to tag this record!
|
MARC
| LEADER | 00000cam a2200000 i 4500 | ||
|---|---|---|---|
| 001 | 1/65377 | ||
| 008 | 071130s2007 gre d | ||
| 020 | |a 978-960-341-075-1 | ||
| 035 | |l 10092703 | ||
| 040 | |a GR-MY-UA |b gre |e aacr | ||
| 041 | 0 | |a gre | |
| 082 | 0 | |a 339.2 |2 (22) | |
| 100 | 1 | |a Μπαλφούσιας, Αθανάσιος Θ. | |
| 245 | 1 | 0 | |a Ελάχιστο εγγυημένο εισόδημα στην ΕΕ-15 και δυνατότητες εφαρμογής του στην Ελλάδα / |c Αθανάσιου Θ. Μπαλφούσια, Κωνσταντίνου Ν. Κωτσή ; Κέντρο Προγραμματισμού και Οικονομικών Ερευνών |
| 260 | |a Αθήνα : |b Κέντρο Προγραμματισμού και Οικονομικών Μελετών, |c c2007 | ||
| 300 | |a 92 σ.; |c 24 εκ. | ||
| 490 | 1 | |a Εκθέσεις (Κέντρο Προγραμματισμού και Οικονομικών Ερευνών) |v ; 50 | |
| 504 | |a Βιβλιογραφία : σ. 89-92 | ||
| 650 | 0 | 0 | |a Income distribution. |
| 650 | 0 | 0 | |a Income distribution |z Greece. |
| 700 | 1 | |a Κωτσής, Κωνσταντίνος Ν. | |
| 710 | 2 | |a Κέντρο Προγραμματισμού και Οικονομικών Ερευνών. | |
| 830 | 0 | |a Εκθέσεις (Κέντρο Προγραμματισμού και Οικονομικών Ερευνών) |v ; 50 | |
| 852 | |a INST |b CHIOS |e 20071130 |h 339.2 ΜΠΑ |p 005200028306 |q 005200028306 |t BK |y 0 | ||
| 901 | |a BIBL2-2007-3 | ||
| 909 | |a Χ |b 131457 | ||
| 970 | |a ΒΑΡΦΗΣ |b ΒΑΓΓΕΛΗΣ |z 2007/11/30 | ||